| 000 | 00659nam a2200229Ia 4500 | ||
|---|---|---|---|
| 003 | 0100 | ||
| 005 | 20140325175210.0 | ||
| 008 | 130307s9999 xx 000 0 und d | ||
| 040 | _cARRUPELIB | ||
| 100 |
_aDiderot, d'Alembert and D'Alemert, Jean Le rond and Hoyt, Nelly S. and Cassirer, Thomas _99372 |
||
| 245 | _aEncyclopedia | ||
| 245 | _bselections | ||
| 260 | _aIndianapolis, | ||
| 260 | _bBobbs-Merrill | ||
| 260 | _c1965 | ||
| 300 | _axlv | ||
| 300 | _b400 p. 21 cm. | ||
| 440 |
_aLibrary of liberal arts, 223 _99373 |
||
| 600 |
_xEncyclopedia _99374 |
||
| 700 |
_aDiderot, Denis; Alembert, Jean Le Rond d _99375 |
||
| 942 |
_2lcc _cREFERENCE |
||
| 999 |
_c92950 _d92950 |
||